000 01008namaa2200277 i 4500
003 EG-GICUC
005 20250806145810.0
008 250806s1995 xx |||jr|||| 000 0 ara d
040 _aEG-GiCUC
_bara
_cEG-GiCUC
_dEG-GiCUC
_erda
082 0 4 _221
_a250
_bM2358
092 0 4 _221
_a250
_bM2358
099 _a250 M2358
100 1 _aالمكى، عبدالله الحسينى الهاشمى
_eمؤلف.
245 1 2 _aالاتباع والابتداع /
_cتأليف عبدالله الحسينى الهاشمى المكى.
250 _aالطبعة الاولى
264 _a[مكان النشر غير محدد] :
_b[الناشر غير محدد]،
_c1995.
300 _a156 صفحة ؛
_c20 سم
336 _2rdacontent
_atext
337 _2rdamedia
_aUnmediated
338 _2rdacarrier
_avolume
541 _aد. جابر عصفور ؛
_bالقاهرة ؛
_cإهداء ؛
_d2024.
650 1 7 _aالشريعة الاسلامية
_2qrmak
651 1 _2qrmak
905 _aAya
942 _2ddc
_cBK
_e21
_n0
999 _c173387
_d173387